000 00336nam a2200133Ia 4500
008 191201s2012 xx 000 0 und d
082 _a604.2
_bSIE
100 _aSINGH, surjit
245 0 _aText Book of Engineering Drawing
250 _aRep
260 _c2012
_bDhanpat Rai Pub (P) Ltd
_aNEW DELHI
300 _a435+27
942 _2ddc
_cBK
999 _c8062
_d8062